000 00860cam a2200217 4500
001 WB3647-03
008 000000n2000 000 0 eng u
035 _a(Sirsi) u109557
245 _aDesign input for procurement rules
260 _c2000
490 _aBuilding Design
_v(1466) 24 November 2000, 3(1)
520 _aA Clients Charter has been drawn up to help architects ensure design is embedded in the procurement process. Drawn up by the Confederation of Construction Clients, the charter will set out minimum standards clients should expect in a project's performance - including meeting each M4I Performance Indicator.
590 _aWB
650 _aCONSTRUCTION CLIENTS
650 _aPROCUREMENT GUIDELINES
650 _aPERFORMANCE INDICATORS
650 _aARCHITECTS
650 _aSTANDARDS
690 _aProcurement
_96260
942 _n0
999 _c65406
_d65406